000 00514nam a2200169 i 4500
001 135454
003 ES-MaACL
005 20230906194904.0
007 t|
008 070718s1969 sp ||||1| spa d
100 1 _aTornil Estraña, Raimundo.
_9110671
245 1 0 _aManual práctico del Seguro sobre vida /
_cpor R. Tornil, J.M. Piniés.
260 _aBarcelona, etc. :
_bAriel,
_c[1969]
300 _a145 p., 3 h. ;
_c18 cm.
700 1 _aPinies, José Manuel.
_992130
852 _aES-MaACL
_jC-47095
_bR.73031
999 _c135454
_d135454